Encíclicas de Juan Pablo II. Todas las encíclicas y la carta apostólica "Tertio millennio adveniente".
Guardat en:
| Autor principal: | |
|---|---|
| Altres autors: | |
| Format: | Llibre |
| Idioma: | espanyol |
| Publicat: |
Madrid, España:
EDIBESA,
1998.
|
| Edició: | Cuarta edición. |
| Matèries: | |
| Etiquetes: |
Afegir etiqueta
Sense etiquetes, Sigues el primer a etiquetar aquest registre!
|
MARC
| LEADER | 00000nam a2200000 a 4500 | ||
|---|---|---|---|
| 001 | UCY5355 | ||
| 003 | CL-VaPUC | ||
| 005 | 20230920110359.0 | ||
| 008 | 950508t19980000SP |||||||||||||||||spa|d | ||
| 999 | |c 441583 |d 441581 | ||
| 040 | |c Pontificia Universidad Católica de Valparaíso | ||
| 082 | 0 | 4 | |a 262.91 ENC 1998 |2 21 |
| 100 | |9 884212 |a Martínez Puche, José A. |e edición | ||
| 245 | 1 | 0 | |a Encíclicas de Juan Pablo II. |b Todas las encíclicas y la carta apostólica "Tertio millennio adveniente". |
| 250 | |a Cuarta edición. | ||
| 260 | |a Madrid, España: |b EDIBESA, |c 1998. | ||
| 300 | |a 1578 páginas. | ||
| 500 | |a c.1 Donación Sr. Jorge Precht Pizarro. 26-05-23. Biblioteca Teología. | ||
| 583 | |a last modification |c 19950508 00:00:00 |k Yessy Sthefany Diaz Vidal | ||
| 600 | 0 | |a Juan Pablo II, |q (Wojtyła, Karol Józef), |c Papa |d 1920-2005 |x Encíclicas |9 866320 | |
| 650 | 0 | |a Encíclicas papales |9 314532 |x Iglesia Católica | |
| 700 | |9 884213 |a Tagliaferri, Mario, |c Monseñor |e prólogo | ||
| 942 | |c BK |2 ddc | ||
| 945 | |d 19950508 00:00:00 |a aalvarez | ||
| 952 | |0 0 |1 0 |2 ddc |4 0 |6 262_910000000000000_ENC_1998 |7 0 |8 A |9 591262 |a BIBTEO |b BIBTEO |c GEN |d 2023-08-17 |e Donación |i 5658260 |l 1 |o 262.91 ENC 1998 |p 5658260 |r 2025-01-17 |s 2024-10-03 |t 1 |w 2023-08-17 |y BK |k ICR | ||